Größte Städte Deutschlands an der Staatsgrenze - Statistiken

Allgemein
  • Dieses Quiz wurde 169 mal gespielt
  • Das Durchschnittsergebnis liegt bei 8 aus 20
Antwortstatistiken
Einwohner Kreis # Stadt % Korrekt
248.960 Städteregion Aachen NW Aachen
95%
180.374 RV Saarbrücken SL Saarbrücken
82%
52.803 kreisfrei BY Passau
75%
57.751 kreisfrei BB Frankfurt (Oder)
72%
55.980 Görlitz SN Görlitz
66%
84.911 Konstanz BW Konstanz
66%
49.291 Lörrach BW Lörrach
52%
36.664 Ortenaukreis BW Kehl
41%
52.388 Kleve NW Kleve
39%
49.918 Rastatt BW Rastatt
29%
53.711 Grafschaft Bentheim NI Nordhorn
28%
42.236 Heinsberg NW Heinsberg
26%
71.113 Borken NW Bocholt
24%
39.517 RV Saarbrücken SL Völklingen
23%
42.629 Borken NW Borken
18%
48.321 Borken NW Gronau (Westfalen)
17%
46.375 Städteregion Aachen NW Herzogenrath
14%
34,205 Kleve NW Goch
13%
42.119 Viersen NW Nettetal
13%
39.381 Borken NW Ahaus
11%
Keine übereinstimmenden Quizze gefunden
Verteilung der Resultate
Anzahl Personen mit jedem Resultat
Perzentil nach korrekt beantworteten Fragen
Ihre Resultats-Entwicklung
Sie haben dieses Quiz noch nicht gespielt